Focus: protection systems (Record no. 74572)
[ view plain ]
| 000 -LEADER | |
|---|---|
| fixed length control field | 01580cab a2200301 4500 |
| 001 - CONTROL NUMBER | |
| control field | ABS68345 |
| 008 - FIXED-LENGTH DATA ELEMENTS--GENERAL INFORMATION | |
| fixed length control field | 041015n2004 000 0 eng u |
| 035 ## - SYSTEM CONTROL NUMBER | |
| System control number | (Sirsi) u127720 |
| 100 ## - MAIN ENTRY--PERSONAL NAME | |
| Personal name | Davies, R. |
| 245 ## - TITLE STATEMENT | |
| Title | Focus: protection systems |
| 260 ## - PUBLICATION, DISTRIBUTION, ETC. | |
| Date of publication, distribution, etc. | 2004 |
| 490 ## - SERIES STATEMENT | |
| Series statement | Fire Engineers' Journal |
| Volume/sequential designation | 64(248) September 2004, 44-53(10) |
| 520 ## - SUMMARY, ETC. | |
| Summary, etc. | Series of five articles looking at protection systems. "Integration issues" looks at the difficulties surrounding the integration of fire detection and alarm systems with other building controls. "Screen test" suggests the design and selection of fire screens involves a careful balance between aesthetics and performance. "Cladding confusion" argues that responsible persons may be confused when assessing roofing and cladding risks because of new legislation, changes in the insurance sector and only partial use of Euroclasses. "Building solutions" calls for a more holistic approach to fire protection as the UK moves towards performance-based building codes. "To B or not to B" outlines the findings of an informal consultation on possible changes to Part B of the Building Regulations. |
| 590 ## - LOCAL NOTE (RLIN) | |
| Local note | ABS |
| 650 ## - SUBJECT ADDED ENTRY--TOPICAL TERM | |
| Topical term or geographic name entry element | BUILDING REGULATIONS 2000 APPROVED DOCUMENT B (2002 EDITION) |
| 650 ## - SUBJECT ADDED ENTRY--TOPICAL TERM | |
| Topical term or geographic name entry element | EUROCLASSES |
| 650 ## - SUBJECT ADDED ENTRY--TOPICAL TERM | |
| Topical term or geographic name entry element | CLADDING |
| 650 ## - SUBJECT ADDED ENTRY--TOPICAL TERM | |
| Topical term or geographic name entry element | FIRE PROTECTION |
| 650 ## - SUBJECT ADDED ENTRY--TOPICAL TERM | |
| Topical term or geographic name entry element | FIRE DETECTION |
| 650 ## - SUBJECT ADDED ENTRY--TOPICAL TERM | |
| Topical term or geographic name entry element | BUILDING CODES |
| 650 ## - SUBJECT ADDED ENTRY--TOPICAL TERM | |
| Topical term or geographic name entry element | FIRE ALARM SYSTEMS |
| 690 ## - LOCAL SUBJECT ADDED ENTRY--TOPICAL TERM (OCLC, RLIN) | |
| Topical term or geographic name as entry element | HEALTH AND SAFETY |
| 9 (RLIN) | 6244 |
| 700 ## - ADDED ENTRY--PERSONAL NAME | |
| Personal name | Statt, G. |
| 700 ## - ADDED ENTRY--PERSONAL NAME | |
| Personal name | Parlor, B. |
| 700 ## - ADDED ENTRY--PERSONAL NAME | |
| Personal name | Ellicott, G. |
| 700 ## - ADDED ENTRY--PERSONAL NAME | |
| Personal name | Martin, B. |
| 942 ## - ADDED ENTRY ELEMENTS (KOHA) | |
| Suppress in OPAC | 0 |
| Withdrawn status | Lost status | Source of classification or shelving scheme | Damaged status | Not for loan | Home library | Current library | Shelving location | Date acquired | Total Checkouts | Full call number | Barcode | Date last seen | Copy number | Price effective from | Koha item type |
|---|---|---|---|---|---|---|---|---|---|---|---|---|---|---|---|
| Dewey Decimal Classification | London | London | Journal article | 15/10/2004 | ABS68345 | 127720-1001 | 06/08/2019 | 1 | 06/08/2019 | Journal article |